Colloquium : The engineer`s tasks and responsibilities - the effect of different forms of contract (Record no. 2893)

MARC details
000 -LEADER
fixed length control field 01000cab a2200205 4500
001 - CONTROL NUMBER
control field ABS37473
008 - FIXED-LENGTH DATA ELEMENTS--GENERAL INFORMATION
fixed length control field 090401t1987 xxu||||| |||| 00| 0 eng d
035 ## - SYSTEM CONTROL NUMBER
System control number (Sirsi) u4782
041 ## - LANGUAGE CODE
Language code of text/sound track or separate title eng
100 ## - MAIN ENTRY--PERSONAL NAME
Personal name Tietz, S B et al
245 ## - TITLE STATEMENT
Title Colloquium : The engineer`s tasks and responsibilities - the effect of different forms of contract
260 ## - PUBLICATION, DISTRIBUTION, ETC.
Date of publication, distribution, etc. 1987
350 ## - PRICE (NR) (BK AM CF MU VM SE) [OBSOLETE]
Price 0
490 ## - SERIES STATEMENT
Series statement Structural Engineer
Volume/sequential designation 65A (3) March 1987, 89-98 (10)
520 ## - SUMMARY, ETC.
Summary, etc. Text of papers presented at a meeting of the Institution of Structural Engineers on 12 March 1987. The papers examine an engineer`s duties under various types of building contracts and building procurement systems including the JCT Forms , the British Property Federation system. project management and management contracting . The professional conditions of engagement discussed concentrate on the BPF/ACE conditions .
650 ## - SUBJECT ADDED ENTRY--TOPICAL TERM
Topical term or geographic name entry element BPF CONTRACT
690 ## - LOCAL SUBJECT ADDED ENTRY--TOPICAL TERM (OCLC, RLIN)
Topical term or geographic name as entry element BUILT ENVIRONMENT-BUILDING CONTRACT FORMS
942 ## - ADDED ENTRY ELEMENTS (KOHA)
Suppress in OPAC 0
948 ## - LOCAL PROCESSING INFORMATION (OCLC); SERIES PART DESIGNATOR (RLIN)
c (OCLC) 04/03/1997
Holdings
Withdrawn status Lost status Source of classification or shelving scheme Damaged status Not for loan Home library Current library Shelving location Date acquired Total Checkouts Full call number Barcode Date last seen Copy number Price effective from Koha item type
    Dewey Decimal Classification     London London Journal article 14/09/1999   ABS37473 4782-1001 06/08/2019 1 06/08/2019 Journal article